| 000 | 00712nam a2200229 i 4500 | ||
|---|---|---|---|
| 001 | 135041 | ||
| 003 | ES-MaACL | ||
| 005 | 20250729062628.0 | ||
| 007 | t| | ||
| 008 | 070705s1967 sp ||||1| cat d | ||
| 080 | _a32(04) | ||
| 100 | 1 |
_aThoreau, Henry David. _9110134 |
|
| 245 | 1 | 0 |
_aCoratge civic / _cHenry David Thoreau ; [traducció Enriqueta Calsina Cirés]. |
| 260 |
_aBarcelona : _bEdic. d'Aportació Catalana, _c1967. |
||
| 300 |
_a53 p. ; _c22 cm. |
||
| 490 | 1 |
_aEntre tots farem tot ; _v34 |
|
| 650 | 7 |
_aPolítica _2embne _9140345 |
|
| 700 | 1 |
_aCalsina Cires, Enriqueta. _933791 |
|
| 830 | 1 |
_aEntre tots farem tot ; _v34 _9219892 |
|
| 852 |
_aES-MaACL _jC-32728 |
||
| 999 |
_c135041 _d135041 |
||